000 00625nam a22001937a 4500
003 OSt
005 20221006194756.0
008 221006b |||||||| |||| 00| 0 eng d
040 _cBiblioteca Lado V
082 _a708
_bB932e
100 _9102
_aBukdahi, Else Marie
_ecuradora
245 _aExit 2002/
260 _aAlemania
_bDenmark
_c2002
300 _a60p.
_c16x24cm
650 _2Tesauro de Arte & Arquitectura
_aTRABAJO FINAL DE GRADUACION
650 _2Tesauro de Arte & Arquitectura
_aEXPOSICION DE ALUMNOS
650 _2Tesauro de Arte & Arquitectura
_aARTE
942 _2ddc
_c1
_h708
_iB932e
_n0
999 _c2213
_d2213